000 00320 a2200157 4500
001 60529
020 _a
040 _cAnchieta - Pituba
100 _aMuedra, V.
240 1 0 _aAtlas de anatomia animal
_lpor
245 1 0 _aAtlas de anatomia animal
300 _a
362 0 _a1967
650 4 _aAnimal
942 _cBK
999 _c60529
_d60529